Intergenotypic Comparison of Various Antivirals and Immunomodulators Against Hepatitis C Virus / (Record no. 527989)
[ view plain ]
| 000 -LEADER | |
|---|---|
| fixed length control field | 00608nam a22001697a 4500 |
| 020 ## - INTERNATIONAL STANDARD BOOK NUMBER | |
| Qualifying information | HBK |
| 082 ## - DEWEY DECIMAL CLASSIFICATION NUMBER | |
| Classification number | 616 |
| 100 ## - MAIN ENTRY--PERSONAL NAME | |
| Personal name | khan, Hayat |
| 245 ## - TITLE STATEMENT | |
| Title | Intergenotypic Comparison of Various Antivirals and Immunomodulators Against Hepatitis C Virus / |
| Statement of responsibility, etc. | Hayat khan. |
| 260 ## - PUBLICATION, DISTRIBUTION, ETC. | |
| Place of publication, distribution, etc. | Islamabad: |
| Name of publisher, distributor, etc. | ASAB - NUST, |
| Date of publication, distribution, etc. | 2016. |
| 300 ## - PHYSICAL DESCRIPTION | |
| Extent | 168 p. : ill. ; |
| Dimensions | 30cm. |
| 650 ## - SUBJECT ADDED ENTRY--TOPICAL TERM | |
| Topical term or geographic name entry element | Ph.D Thesis.Virology and Immunology - |
| 700 ## - ADDED ENTRY--PERSONAL NAME | |
| Personal name | Supervisor: Dr. Sheeba Murad. |
| 856 ## - Uniform Resource Identifier | |
| Uniform Resource Identifier | <a href="http://10.250.8.41:8080/xmlui/handle/123456789/25419">http://10.250.8.41:8080/xmlui/handle/123456789/25419</a> |
| 942 ## - ADDED ENTRY ELEMENTS (KOHA) | |
| Source of classification or shelving scheme | |
| Koha item type | Soft Copy |
| 650 ## - SUBJECT ADDED ENTRY--TOPICAL TERM | |
| -- | 123935 |
| 700 ## - ADDED ENTRY--PERSONAL NAME | |
| -- | 123934 |
| Withdrawn status | Lost status | Source of classification or shelving scheme | Damaged status | Not for loan | Permanent Location | Current Location | Shelving location | Date acquired | Full call number | Barcode | Date last seen | Price effective from | Koha item type |
|---|---|---|---|---|---|---|---|---|---|---|---|---|---|
| Central Library (CL) | Central Library (CL) | Thesis | 08/25/2019 | 200 | CLPT-355 | 08/25/2019 | 08/25/2019 | Soft Copy |
